| 000 | 00352nam a22001457a 4500 | ||
|---|---|---|---|
| 020 | _qPB. | ||
| 040 | _cFIZZA ISHAQ | ||
| 082 |
_a624.15136 _bBRA |
||
| 100 | _aDAS,M.BRAJA. | ||
| 245 |
_aADVANCED SOIL MECHANICS / _cBRAJA M.DAS. |
||
| 250 | _a3RD EDITION. | ||
| 260 |
_aNEW YORK ; _bTAYLOR & FRANCIS. _c2008. |
||
| 300 | _a567 P. ; | ||
| 942 |
_2ddc _cBK |
||
| 999 |
_c593367 _d593367 |
||